<?xml version="1.0" encoding="UTF-8"?><?xml-stylesheet type="text/xsl" href="static/style.xsl"?><OAI-PMH xmlns="http://www.openarchives.org/OAI/2.0/" xmlns:xsi="http://www.w3.org/2001/XMLSchema-instance" xsi:schemaLocation="http://www.openarchives.org/OAI/2.0/ http://www.openarchives.org/OAI/2.0/OAI-PMH.xsd"><responseDate>2026-04-17T17:30:08Z</responseDate><request verb="GetRecord" identifier="oai:www.recercat.cat:20.500.12327/2938" metadataPrefix="marc">https://recercat.cat/oai/request</request><GetRecord><record><header><identifier>oai:recercat.cat:20.500.12327/2938</identifier><datestamp>2025-10-22T11:26:24Z</datestamp><setSpec>com_2072_4428</setSpec><setSpec>com_2072_4427</setSpec><setSpec>col_2072_487898</setSpec></header><metadata><record xmlns="http://www.loc.gov/MARC21/slim" xmlns:dcterms="http://purl.org/dc/terms/" xmlns:xsi="http://www.w3.org/2001/XMLSchema-instance" xmlns:doc="http://www.lyncode.com/xoai" xsi:schemaLocation="http://www.loc.gov/MARC21/slim http://www.loc.gov/standards/marcxml/schema/MARC21slim.xsd">
   <leader>00925njm 22002777a 4500</leader>
   <datafield ind2=" " ind1=" " tag="042">
      <subfield code="a">dc</subfield>
   </datafield>
   <datafield ind2=" " ind1=" " tag="720">
      <subfield code="a">Ryan, Marion T.</subfield>
      <subfield code="e">author</subfield>
   </datafield>
   <datafield ind2=" " ind1=" " tag="720">
      <subfield code="a">Hamill, Ruth M.</subfield>
      <subfield code="e">author</subfield>
   </datafield>
   <datafield ind2=" " ind1=" " tag="720">
      <subfield code="a">O’Halloran, Aisling M.</subfield>
      <subfield code="e">author</subfield>
   </datafield>
   <datafield ind2=" " ind1=" " tag="720">
      <subfield code="a">Davey, Grace C.</subfield>
      <subfield code="e">author</subfield>
   </datafield>
   <datafield ind2=" " ind1=" " tag="720">
      <subfield code="a">McBryan, Jean</subfield>
      <subfield code="e">author</subfield>
   </datafield>
   <datafield ind2=" " ind1=" " tag="720">
      <subfield code="a">Mullen, Anne M.</subfield>
      <subfield code="e">author</subfield>
   </datafield>
   <datafield ind2=" " ind1=" " tag="720">
      <subfield code="a">McGee, Chris</subfield>
      <subfield code="e">author</subfield>
   </datafield>
   <datafield ind2=" " ind1=" " tag="720">
      <subfield code="a">Gispert, Marina</subfield>
      <subfield code="e">author</subfield>
   </datafield>
   <datafield ind2=" " ind1=" " tag="720">
      <subfield code="a">Southwood, Olwen I.</subfield>
      <subfield code="e">author</subfield>
   </datafield>
   <datafield ind2=" " ind1=" " tag="720">
      <subfield code="a">Sweeney, Torres</subfield>
      <subfield code="e">author</subfield>
   </datafield>
   <datafield ind2=" " ind1=" " tag="260">
      <subfield code="c">2012-07-25</subfield>
   </datafield>
   <datafield ind2=" " ind1=" " tag="520">
      <subfield code="a">Background: The PRKAG3 gene encodes the γ3 subunit of adenosine monophosphate activated protein kinase&#xd;
(AMPK), a protein that plays a key role in energy metabolism in skeletal muscle. Non-synonymous single nucleotide&#xd;
polymorphisms (SNPs) in this gene such as I199V are associated with important pork quality traits. The objective of&#xd;
this study was to investigate the relationship between gene expression of the PRKAG3 gene, SNP variation in the&#xd;
PRKAG3 promoter and meat quality phenotypes in pork.&#xd;
Results: PRKAG3 gene expression was found to correlate with a number of traits relating to glycolytic potential (GP)&#xd;
and intramuscular fat (IMF) in three phenotypically diverse F1 crosses comprising of 31 Large White, 23 Duroc and&#xd;
32 Pietrain sire breeds. The majority of associations were observed in the Large White cross. There was a significant&#xd;
association between genotype at the g.-311A>G locus and PRKAG3 gene expression in the Large White cross. In&#xd;
the same population, ten novel SNPs were identified within a 1.3 kb region spanning the promoter and from this&#xd;
three major haplotypes were inferred. Two tagging SNPs (g.-995A>G and g.-311A>G) characterised the haplotypes&#xd;
within the promoter region being studied. These two SNPs were subsequently genotyped in larger populations&#xd;
consisting of Large White (n = 98), Duroc (n = 99) and Pietrain (n = 98) purebreds. Four major haplotypes including&#xd;
promoter SNP’s g.-995A>G and g.-311A>G and I199V were inferred. In the Large White breed, HAP1 was associated&#xd;
with IMF% in the M. longissmus thoracis et lumborum (LTL) and driploss%. HAP2 was associated with IMFL%&#xd;
GP-influenced traits pH at 24 hr in LTL (pHULT), pH at 45 min in LTL (pH45LT) and pH at 45 min in the M.&#xd;
semimembranosus muscle (pH45SM). HAP3 was associated with driploss%, pHULT pH45LT and b* Minolta. In the&#xd;
Duroc breed, associations were observed between HAP1 and driploss% and pHUSM. No associations were observed&#xd;
with the remaining haplotypes (HAP2, HAP3 and HAP4) in the Duroc breed. The Pietrain breed was monomorphic&#xd;
in the promoter region. The I199V locus was associated with several GP-influenced traits across all three breeds and&#xd;
IMF% in the Large White and Pietrain breed. No significant difference in promoter function was observed for the&#xd;
three main promoter haplotypes when tested in vitro.&#xd;
Conclusion: Gene expression levels of the porcine PRKAG3 are associated with meat quality phenotypes relating to&#xd;
glycolytic potential and IMF% in the Large White breed, while SNP variation in the promoter region of the gene is&#xd;
associated with PRKAG3 gene expression and meat quality phenotypes.</subfield>
   </datafield>
   <datafield ind1="8" ind2=" " tag="024">
      <subfield code="a">Ryan, M. F., Ruth M. Hamill, Aisling O’Halloran, Grace Davey, Jean McBryan, Anne Maria Mullen, Chris McGee, M. Gispert, O. I. Southwood, and T. Sweeney. 2012. “SNP Variation in the Promoter of the PRKAG3gene and Association With Meat Quality Traits in Pig.” BMC Genomic Data 13 (1): 66. doi:10.1186/1471-2156-13-66.</subfield>
   </datafield>
   <datafield ind1="8" ind2=" " tag="024">
      <subfield code="a">1471-2156</subfield>
   </datafield>
   <datafield ind1="8" ind2=" " tag="024">
      <subfield code="a">http://hdl.handle.net/20.500.12327/2938</subfield>
   </datafield>
   <datafield ind1="8" ind2=" " tag="024">
      <subfield code="a">https://doi.org/10.1186/1471-2156-13-66</subfield>
   </datafield>
   <datafield ind2="0" ind1="0" tag="245">
      <subfield code="a">SNP variation in the promoter of the PRKAG3 gene and association with meat quality traits in pig</subfield>
   </datafield>
</record></metadata></record></GetRecord></OAI-PMH>